European countries name in Chinese #2 - Statistics

General Stats
  • This quiz has been taken 113 times
  • The average score is 13 of 15
Answer Stats
Hint Answer % Correct
Andaoer Andorra
97%
Liezhidunsideng Liechtenstein
97%
Nuowei Norway
97%
Monage Monaco
92%
Siluoweiniya Slovenia
92%
Baieluosi Belarus
90%
Latuoweiya Latvia
90%
Moerduowa Moldova
90%
Baojialiya Bulgaria
87%
Ruishi Switzerland
85%
Jieke Czech Republic
82%
Siluofake Slovakia
82%
Wukelan Ukraine
82%
Aodili Austria
74%
Xiongyali Hungary
74%
No matching quizzes found
Score Distribution
Percent of People with Each Score
Percentile by Number Answered
Your Score History
You have not taken this quiz